Escalas Musicales - Estadísticas

Estadísticas generales
  • Esta prueba ha sido intentada 55 veces
  • La puntuación promedio es 19 de 30
Estadísticas de respuestas
Hint Respuesta % Correcto
Do Mayor
98%
####### Do# Mayor
98%
###### Fa# Mayor
98%
b Fa Mayor
98%
## Re Mayor
98%
### La Mayor
96%
#### Mi Mayor
96%
# Sol Mayor
96%
La Menor
87%
####### La# Menor
87%
##### Sol# Menor
85%
bb Sol Menor
85%
# Mi Menor
83%
## Si Menor
83%
#### Do# Menor
76%
bbb Do Menor
76%
### Fa# Menor
76%
bbbb Fa Menor
76%
###### Re# Menor
72%
b Re Menor
72%
bb Sib Mayor
48%
bbb Mib Mayor
46%
bbbb Lab Mayor
41%
bbbbbbb Dob Mayor
17%
bbbbbb Mib Menor
17%
bbbbbbb Lab Menor
15%
bbbbb Sib Menor
15%
##### Si Major
2%
bbbbb Reb Major
0%
bbbbbb Solb Major
0%
No se encontraron pruebas coincidentes
Distribución de puntuación
Porcentaje de gente con cada puntuación
Porcentaje por número respondido
Historial de tus puntuaciones
No has intentado esta prueba.